| 000 | 00928nam a22002297a 4500 | ||
|---|---|---|---|
| 005 | 20240530110910.0 | ||
| 008 | 220214s1999 ua g 000 0 ara d | ||
| 017 |
_bمصر. دار الكتب _a2007/3217 |
||
| 040 |
_aEG-CaGPL _cEG-CaGPL |
||
| 082 | 0 | 4 |
_221 _a327.73056 / _bف س |
| 100 | 0 | _aفواز جرجس | |
| 245 | 1 | 2 |
_aالسياسة الامريكية تجاه العرب : _bكيف تصنع ومن يصنعها / _cفواز جرجس |
| 250 | _aط. 1 | ||
| 260 |
_aبيروت : _bمركز دراسات الوحدة العربية، _c1998 |
||
| 300 |
_a184 ص. ؛ _c24 سم |
||
| 650 | 0 | 7 |
_2qrmak _aالسياسة الخارجية الاميركية |
| 650 | 0 | 7 |
_2qrmak _aالولايات المتحدة الامريكية |
| 650 | 0 | 7 |
_2qrmak _aالصراع العربى الاسرائيلى |
| 650 | 0 | 7 |
_2qrmak _aالبلدان العربية |
| 942 |
_2ddc _cBK |
||
| 999 |
_c66289 _d66289 |
||